|
|
|
|
| LEADER |
01146nam a22002537a 4500 |
| 001 |
AAL9667 |
| 003 |
BD-DhAAL |
| 005 |
20180711100917.0 |
| 008 |
180711s2007 B a|||| |||| 00| 0ben d |
| 999 |
|
|
|c 39645
|d 39645
|
| 020 |
|
|
|a 9847020500513
|
| 040 |
|
|
|a BD-DhAAL
|c BD-DhAAL
|
| 082 |
|
|
|a 745.6/7/095407402132
|
| 100 |
|
|
|a হাসান, সৈয়দ মাহমুদুল
|9 26864
|
| 245 |
|
|
|a মুঘল চিত্রকলা /
|c সৈয়দ মাহমুদুল হাসান
|
| 260 |
|
|
|a ঢাকা :
|b নভেল পাবলিশিং,
|c ২০১৪
|
| 300 |
|
|
|a ৩১৬ পৃ. :
|b চিত্র ;
|c ২২ সে.মি.
|
| 504 |
|
|
|6 গ্রন্থপঞ্জী অন্তর্ভুক্ত
|
| 541 |
|
|
|e ৯৬৬৭
|
| 650 |
|
|
|a Miniature painting, Mogul Empire.
|9 26865
|
| 650 |
|
|
|a Painting, Mogul Empire.
|9 26866
|
| 852 |
|
|
|a Savar Campus Library
|c General Shelf
|
| 942 |
|
|
|2 ddc
|c BK
|
| 952 |
|
|
|0 0
|1 0
|2 ddc
|4 0
|6 745_600000000000000_7_095407402132_HAS
|7 0
|9 63697
|a SCL
|b SCL
|c GEN
|d 2018-07-11
|e Development Book Agency
|g 255.00
|l 0
|o 745.67095407402132 HAS
|p 3020009667
|r 2018-07-11
|t 1
|w 2018-07-11
|y BK
|